Responses for Show #5137 - Tuesday, January 2, 2007

Contestants

[<< previous game]

Dave Mills, a think tank director from Durham, North Carolina

Julie Dunlevy, a technology specialist from Louisville, Kentucky

Peg Pruitt, a retired teacher from Swansea, Massachusetts (whose 1-day cash winnings total $8,100)

[next game >>]

Jeopardy! Round responses

EUROPEAN LANGUAGES
ACTING POLITICIANS
THE FABULOUS LIFE OF...
AIRLINE CODES
(Alex: We want you to give us the name of the airline; we'll give you the airline code.)
RED, WHITE, OR BLUE
IT'S A GRAND OLD "FLAG"
    $200 7
Dutch

Dave
    $200 3
Clint Eastwood

Peg
    $200 23
Martha Washington

Julie
    $200 21
Japan Airlines

Julie
    $200 1
the great white shark

Peg
    $200 12
Flag Day

Dave
    $400 17
English

Julie
    $400 8
Sonny Bono

Dave
    $400 24
(Cornelius) Vanderbilt

Triple Stumper
    $400 22
KLM (Royal Dutch)

Peg
    $400 2
"The Wild Blue Yonder"

Dave
    $400 13
the flagpole

Dave
    $600 18
Norway

Dave
    $600 9
Jesse Ventura

Dave
    $600 25
perfume

Dave
    $600 28
Air France

Julie
    $600 4
the Red Sea

Julie
    $600 14
Flagstaff, Arizona

Dave
    $4,000 19
(Dave: What is Italian?)

German

Dave
    $800 10
Arnold Schwarzenegger

Peg
    $800 26
Marie Antoinette

Julie
    $800 29
British Airways

Julie
    $800 5
the White Rabbit

Julie
    $800 15
a flagon

Julie
    $1000 20
(Dave: What is Russian?)

Ukrainian

Dave
Triple Stumper
    $1000 11
Fred Thompson

Dave
    $1000 27
Croesus

Julie
    $1000 30
(Peg: What is Mexico Airlines?)
(Dave: What is Air Mexico?)
(Alex: No. Both of you were in the right country, but the wrong airline. It's [*], [*] Airlines.)

Mexicana

PegDave
Triple Stumper
    $1000 6
a red card

Julie
    $1000 16
in flagrante (delicto)

Dave

Scores at the first commercial break (after clue 16):

Peg Julie Dave
$1,200 $3,200 $4,800

Scores at the end of the Jeopardy! Round:

Peg Julie Dave
$600 $7,200 $0

Double Jeopardy! Round responses

THE CIVIL WAR
EAGLES SONGS IN OTHER WORDS
MEASURING UP
WHAT A CHARACTER!
A ROSE BY ANY OTHER NAME
THE "A" LIST
    $400 14
Nashville

Dave
    $400 18
"Hotel California"

Dave
    $400 11
decibels

Julie
    $400 6
Breakfast at Tiffany's

Peg
    $400 23
the Golden Fleece

Peg
    $400 1
(Peg: What is an Allens wrench? An [*].)
...
(Alex: You gotta worry about those "S"s that you keep adding, Peg.)

an Allen wrench

PegDave
    $800 15
a blockade

Peg
    $800 19
"Tequila Sunrise"

Julie
    $800 12
the lungs

Peg
    $800 7
The Maltese Falcon

Julie
    $800 24
(Peg: Who is Queen Elizabeth?)
(Alex: The Second, yes.)
(Peg: The Second.)

Queen Elizabeth II

Peg
    $800 2
antecedent

Julie
    $2,000 28
(Alex: Well now, well now indeed. You have such a commanding lead that you could risk a lot of money and not have it hurt you. You have $23,200.)

Washington, D.C.

Julie
    $1200 20
"Witchy Woman"

Julie
    $1200 13
the odometer

Dave
    $1200 8
Charlie and the Chocolate Factory

Peg
    $1200 25
Bing Crosby

Julie
    $4,000 3
Aquitaine

Julie
    $1600 29
Antietam

Triple Stumper
    $1600 21
"Life In The Fast Lane"

Julie
    $1600 16
relative humidity

Julie
    $1600 9
Heart of Darkness

Peg
    $1600 26
Betty Boop

Julie
    $1600 4
(Dean) Acheson

Peg
    $2000 30
Virginia Military Institute

Triple Stumper
    $2000 22
(Alex: [To Julie] You know your Eagles songs and it adds to your lead, $20,400 your total. You select.)

"Peaceful Easy Feeling"

Julie
    $2000 17
8

Triple Stumper
    $2000 10
The Metamorphosis

Peg
    $2000 27
Henri de Toulouse-Lautrec

Triple Stumper
    $2000 5
(Peg: What is the angle of ascent?)

attack

Peg
Triple Stumper

Scores at the end of the Double Jeopardy! Round:

Peg Julie Dave
$7,800 $25,200 $2,400
(lock game)

[wagering suggestions for these scores]

Final Jeopardy! Round responses

HOLIDAY STUFF
(Alex: I hope you three had more luck with this clue than I did. When I first heard it, I got it wrong immediately. I went for a nutcracker.)
...
(Peg: [After her response is revealed] I couldn't even come up with nutcracker.)
DaveWhat is the Christmas tree
$2,000
PegWhat is ?
$800
JulieWhat is a Christmas Tree?
$5,000
a Christmas tree

Final scores:

Peg Julie Dave
$7,000 $30,200 $4,400
2nd place: $2,000 New champion: $30,200 3rd place: $1,000

Game dynamics:

Coryat scores:

Peg Julie Dave
$7,800 $21,600 $6,400
13 R,
3 W
23 R
(including 2 DDs),
0 W
15 R,
3 W
(including 1 DD)

Combined Coryat: $35,800

[game clues] [game scores] [suggest correction]

Game tape date: 2006-11-07
The J! Archive is created by fans, for fans. Scraping, republication, monetization, and malicious use prohibited; this site may use cookies and collect identifying information. See terms. The Jeopardy! game show and all elements thereof, including but not limited to copyright and trademark thereto, are the property of Jeopardy Productions, Inc. and are protected under law. This website is not affiliated with, sponsored by, or operated by Jeopardy Productions, Inc. Join the discussion at JBoard.tv.